| 000 | 00973nam0a22002531 4500 | ||
|---|---|---|---|
| 001 | rc\578888 | ||
| 005 | 20260407091755.0 | ||
| 035 | _a(NLR Aleph) 005826685 | ||
| 090 |
_a5536546 _c5536546 |
||
| 100 | _a20031121d1987 |||y0rusy50 ca | ||
| 101 | 0 | _arus | |
| 102 | _aRU | ||
| 105 | _aa ||||||||| | ||
| 200 | 1 |
_aФОРМЫ и особенности таза в современном акушерстве _e(Метод. указания) _fПерм. гос. мед. ин-т, Перм. гор. дом сан. просвещения _g[Сост. доц. Г.Л. Фавер] |
|
| 210 |
_aПермь _cБ. и. _d1987 |
||
| 215 |
_a35 с. _cил. _d21 |
||
| 320 | _aБиблиогр.: с. 30 | ||
| 702 | 1 |
_aФавер _bГ.Л. _gГригорий Львович _4220 |
|
| 712 | 0 | 2 |
_aПермский медицинский институт _3RU\NLR\AUTH\8817267 _9307752 |
| 801 | 0 |
_aRU _bNLR _gpsbo |
|
| 801 | 1 |
_aRU _bELAR _2rusmarc |
|
| 852 |
_aNLR _j88-6/1284 |
||
| 942 | _cBOOK | ||
| 980 | _aNB | ||